00588 2200241 4500001002100000005001500021035002000036007000300056008004100059020002200100082001000122084002000132084002000152084002000172100001000192245003200202250001200234260003400246300002700280990001300307990001300320990001300333INLIS00000000000957720230707033519 a0010-0723000107ta230707 g 0 ind  a978-979-012-169-0 a745.5 a745.5 AND m C.1 a745.5 AND m C.2 a745.5 AND m C.30 aAndre1 aMAGIC BALLOON /cPapa ANDRE acet. IV asurabaya :btiara aksa,c2021 a72 hlm :bill ;c21 cm a023.4026 a023.4027 a023.4027